<?xml version="1.0" encoding="UTF-8"?>
<record
    xmlns:xsi="http://www.w3.org/2001/XMLSchema-instance"
    xsi:schemaLocation="http://www.loc.gov/MARC21/slim http://www.loc.gov/standards/marcxml/schema/MARC21slim.xsd"
    xmlns="http://www.loc.gov/MARC21/slim">

  <leader>01320nam0a2200325   4500</leader>
  <controlfield tag="001">RU\NLR\BIBL_A\011838107</controlfield>
  <controlfield tag="005">20181108151220.0</controlfield>
  <datafield tag="010" ind1=" " ind2=" ">
    <subfield code="a">978-5-9908341-2-5</subfield>
    <subfield code="9">100</subfield>
  </datafield>
  <datafield tag="021" ind1=" " ind2=" ">
    <subfield code="a">RU</subfield>
    <subfield code="b">&#x41A;&#x41D;-&#x41F;-18-071045</subfield>
    <subfield code="9">&#x41A;&#x41D;-&#x41F;-18-5111</subfield>
  </datafield>
  <datafield tag="035" ind1=" " ind2=" ">
    <subfield code="a">(NLR Aleph) 011838107</subfield>
  </datafield>
  <datafield tag="035" ind1=" " ind2=" ">
    <subfield code="a">(RuMoRGB)009750965</subfield>
  </datafield>
  <datafield tag="090" ind1=" " ind2=" ">
    <subfield code="a">12041710</subfield>
    <subfield code="c">12041710</subfield>
  </datafield>
  <datafield tag="100" ind1=" " ind2=" ">
    <subfield code="a">20181024d2018    d  y0rusy50      ca</subfield>
  </datafield>
  <datafield tag="101" ind1="0" ind2=" ">
    <subfield code="a">rus</subfield>
  </datafield>
  <datafield tag="102" ind1=" " ind2=" ">
    <subfield code="a">RU</subfield>
  </datafield>
  <datafield tag="105" ind1=" " ind2=" ">
    <subfield code="a">a|||z|||000gy</subfield>
  </datafield>
  <datafield tag="200" ind1="1" ind2=" ">
    <subfield code="a">&#x41E;&#x441;&#x435;&#x43D;&#x43D;&#x438;&#x439; &#x432;&#x430;&#x43B;&#x44C;&#x441;</subfield>
    <subfield code="e">[&#x441;&#x431;&#x43E;&#x440;&#x43D;&#x438;&#x43A; &#x441;&#x442;&#x438;&#x445;&#x43E;&#x432;]</subfield>
    <subfield code="f">&#x416;&#x430;&#x43D;&#x43D;&#x430; &#x417;&#x443;&#x434;&#x440;&#x430;&#x433;&#x441;</subfield>
    <subfield code="g">[&#x440;&#x438;&#x441;&#x443;&#x43D;&#x43A;&#x438; &#x445;&#x443;&#x434;&#x43E;&#x436;&#x43D;&#x438;&#x43A;&#x430; &#x41B;&#x435;&#x43E;&#x43D;&#x438;&#x434;&#x430; &#x410;&#x444;&#x440;&#x435;&#x43C;&#x43E;&#x432;&#x430;]</subfield>
  </datafield>
  <datafield tag="210" ind1=" " ind2=" ">
    <subfield code="a">&#x418;&#x432;&#x430;&#x43D;&#x442;&#x435;&#x435;&#x432;&#x43A;&#x430;</subfield>
    <subfield code="c">[&#x431;. &#x438;.]</subfield>
    <subfield code="d">2018</subfield>
  </datafield>
  <datafield tag="215" ind1=" " ind2=" ">
    <subfield code="a">84 &#x441;.</subfield>
    <subfield code="c">&#x438;&#x43B;.</subfield>
    <subfield code="d">16</subfield>
  </datafield>
  <datafield tag="327" ind1="1" ind2=" ">
    <subfield code="a">&#x421;&#x43E;&#x434;&#x435;&#x440;&#x436;.: &#x446;&#x438;&#x43A;&#x43B;&#x44B;: &#x41E; &#x442;&#x432;&#x43E;&#x440;&#x447;&#x435;&#x441;&#x442;&#x432;&#x435;; &#x420;&#x430;&#x43D;&#x43D;&#x435;&#x435;; &#x41E;&#x441;&#x435;&#x43D;&#x43D;&#x438;&#x435; &#x43D;&#x43E;&#x442;&#x44B;; &#x41F;&#x440;&#x43E;&#x437;&#x430;: &#x41E;&#x441;&#x435;&#x43D;&#x44C; &#x43F;&#x430;&#x43C;&#x44F;&#x442;&#x44C; &#x43C;&#x43E;&#x44E; &#x440;&#x430;&#x441;&#x442;&#x440;&#x435;&#x432;&#x43E;&#x436;&#x438;&#x43B;&#x430;; &#x41E;&#x43D; &#x443;&#x43B;&#x435;&#x442;&#x435;&#x43B;, &#x43D;&#x43E; &#x43E;&#x431;&#x435;&#x449;&#x430;&#x43B; &#x432;&#x435;&#x440;&#x43D;&#x443;&#x442;&#x44C;&#x441;&#x44F;; &#x418;&#x43C;&#x44F; &#x43B;&#x44E;&#x431;&#x432;&#x438;</subfield>
  </datafield>
  <datafield tag="333" ind1=" " ind2=" ">
    <subfield code="a">12+</subfield>
  </datafield>
  <datafield tag="686" ind1="2" ind2=" ">
    <subfield code="a">&#x428;6(2=&#x420;)8-5</subfield>
  </datafield>
  <datafield tag="700" ind1=" " ind2="1">
    <subfield code="a">&#x417;&#x443;&#x434;&#x440;&#x430;&#x433;&#x441;</subfield>
    <subfield code="b">&#x416;.&#x418;.</subfield>
    <subfield code="g">&#x416;&#x430;&#x43D;&#x43D;&#x430; &#x418;&#x433;&#x43E;&#x440;&#x435;&#x432;&#x43D;&#x430;</subfield>
  </datafield>
  <datafield tag="702" ind1=" " ind2="1">
    <subfield code="a">&#x410;&#x444;&#x440;&#x435;&#x43C;&#x43E;&#x432;</subfield>
    <subfield code="b">&#x41B;. &#x41B;.</subfield>
    <subfield code="g">&#x41B;&#x435;&#x43E;&#x43D;&#x438;&#x434; &#x41B;&#x430;&#x437;&#x430;&#x440;&#x435;&#x432;&#x438;&#x447;</subfield>
    <subfield code="4">040</subfield>
  </datafield>
  <datafield tag="942" ind1=" " ind2=" ">
    <subfield code="c">BOOK</subfield>
  </datafield>
  <datafield tag="980" ind1=" " ind2=" ">
    <subfield code="a">NBR</subfield>
  </datafield>
  <datafield tag="980" ind1=" " ind2=" ">
    <subfield code="a">NB</subfield>
  </datafield>
</record>
